• 首页
  • 本馆介绍
  • 公告通知
  • 最新文献
  • 馆藏检索
  • 电子资源
  • 读者导购
  • 参考咨询
  • 我的图书馆
  • 登录
  • 详细信息显示
  • 放入我的书架
  • 预约/预借图书
  • 作者相关作品
  • 分类相关作品
  • 丛书相关作品
  • 出版社相关作品

书目信息

  • 表格格式
  • 工作单格式
  • 卡片格式
题名:
中国药用动物原色图典
    
 
作者: 李军德 , 黄璐琦 , 李春义 主编
分册: 下  
出版信息: 福州   福建科学技术出版社  2014.12
页数: 555-1312页
开本: 30cm
丛书名:
单 册:
中图分类: S865.4-64
科图分类:
主题词: 药用动物--中国--图集
电子资源:
ISBN: 978-7-5335-4682-3
000 01278nam0 2200277 450
001 0120141312122
005 20170327104150.04
010    @a978-7-5335-4682-3@b精装@dCNY349.00,CNY698.00(全2册)
100    @a20150504d2014 em y0chiy50 ea
101 0  @achi@eeng
102    @aCN@b350000
105    @aabk z 001yy
106    @ar
200 1  @a中国药用动物原色图典@9zhong guo yao yong dong wu yuan se tu dian@dThe illustrated book of Chinese medicial animals@h下@f李军德,黄璐琦,李春义主编@zeng
210    @a福州@c福建科学技术出版社@d2014.12
215    @a555-1312页@c地图@d30cm
330    @a全书由三部分组成:“总论”——中国药用动物概述,包括药用动物应用历史与特点、药用动物分类与分布、药用动物资源保护与可持续利用、药用动物驯养技术等;第二部分“各论”——作为本书的核心内容,收载我国常见、传统习用的567种类药用动物及其药材或饮片原色图片;第三部分“附录”——收录有关规范文件,主要参考文献,药用动物中文名索引、英文名索引等。
333    @a一般读者
510 1  @aIllustrated book of Chinese medicial animals@zeng
606 0  @a药用动物@y中国@j图集
690    @aS865.4-64@v5
701  0 @a李军德@9li jun de@4主编
701  0 @a黄璐琦@9huang lu qi@4主编
701  0 @a李春义@9li chun yi@4主编
801  0 @aCN@b人天书店@c20150504
905    @b983377-78@dS865.4-64@e134:2@f2
    
    中国药用动物原色图典=The illustrated book of Chinese medicial animals.下/李军德,黄璐琦,李春义主编.-福州:福建科学技术出版社,2014.12
    555-1312页:地图;30cm
    使用对象:一般读者
    
    ISBN 978-7-5335-4682-3(精装):CNY349.00,CNY698.00(全2册)
    全书由三部分组成:“总论”——中国药用动物概述,包括药用动物应用历史与特点、药用动物分类与分布、药用动物资源保护与可持续利用、药用动物驯养技术等;第二部分“各论”——作为本书的核心内容,收载我国常见、传统习用的567种类药用动物及其药材或饮片原色图片;第三部分“附录”——收录有关规范文件,主要参考文献,药用动物中文名索引、英文名索引等。
●
相关链接 在E读中查询图书 在五车中查询图书 在当当中查询图书 在豆瓣中查询图书


正题名:中国药用动物原色图典     索取号:S865.4-64/134:2         预约/预借

序号 登录号 条形码 馆藏地/架位号 状态 备注
1 983377   209833778   第二样本阅览室/ [索取号:S865.4-64/134:2] 在馆    
2 983378   209833787   密集书库-生命科学系/ [索取号:S865.4-64/134:2] 在馆    
唐山师范学院图书馆 欢迎您!
大连网信软件有限公司© 版权所有